Access to financial services in Nepal

Bibliographic Details
Main Author: Ferrari, Aurora.
Corporate Authors: World Bank., ProQuest (Firm)
Other Authors: Jaffrin, Guillemette., Shrestha, Sabin.
Format: Electronic eBook
Language:English
Published: Washington, D.C. : World Bank, 2007.
Series:Directions in development
Subjects:
Online Access:Click to View
LEADER 01509nam a2200421Ia 4500
001 EBC459446
003 MiAaPQ
005 20200520144314.0
006 m o d |
007 cr cn|||||||||
008 070522s2007 dcu sb 001 0 eng d
010 |z  2007021677 
020 |z 9780821369890 
020 |z 082136989X 
020 |a 0821369903 (electronic bk.) 
035 |a (MiAaPQ)EBC459446 
035 |a (Au-PeEL)EBL459446 
035 |a (CaPaEBR)ebr10176221 
035 |a (CaONFJC)MIL85774 
035 |a (OCoLC)154220419 
040 |a MiAaPQ  |c MiAaPQ  |d MiAaPQ 
050 4 |a HG187.N35  |b F47 2007 
082 0 4 |a 332.1095496  |2 22 
100 1 |a Ferrari, Aurora. 
245 1 0 |a Access to financial services in Nepal  |h [electronic resource] /  |c Aurora Ferrari ; with Guillemette Jaffrin and Sabin Raj Shrestha. 
260 |a Washington, D.C. :  |b World Bank,  |c 2007. 
300 |a xvi, 82 p. 
490 0 |a Directions in development 
504 |a Includes bibliographical references and index. 
533 |a Electronic reproduction. Ann Arbor, MI : ProQuest, 2015. Available via World Wide Web. Access may be limited to ProQuest affiliated libraries. 
650 0 |a Financial services industry  |z Nepal. 
651 0 |a Nepal  |x Economic conditions. 
655 4 |a Electronic books. 
700 1 |a Jaffrin, Guillemette. 
700 1 |a Shrestha, Sabin. 
710 2 |a World Bank. 
710 2 |a ProQuest (Firm) 
856 4 0 |u https://ebookcentral.proquest.com/lib/matrademy/detail.action?docID=459446  |z Click to View